• 首页
  • 本馆介绍
  • 公告通知
  • 最新文献
  • 馆藏检索
  • 电子资源
  • 读者导购
  • 参考咨询
  • 我的图书馆
  • 登录
  • 详细信息显示
  • 放入我的书架
  • 预约/预借图书
  • 作者相关作品
  • 分类相关作品
  • 丛书相关作品
  • 出版社相关作品

书目信息

  • 表格格式
  • 工作单格式
  • 卡片格式
题名:
基础教育改革研究
    
 
作者: 李洪修 著
分册:  
出版信息: 长春   吉林大学出版社  2013
页数: 265页
开本: 23cm
丛书名:
单 册:
中图分类: G639.21
科图分类:
主题词: 基础教育--Ji Chu Jiao Yu--教育改革--研究--中国
电子资源:
ISBN: 978-7-5601-9505-6
000 00807nam0 22002291 450
001 350609
005 20161012082142.42
010    @a978-7-5601-9505-6@dCNY35.00
100    @a20130415d2013 em y0chiy50 ea
101 0  @achi
102    @aCN@b220000
105    @ay z 000yy
106    @ar
200 1  @a基础教育改革研究@AJi Chu Jiao Yu Gai Ge Yan Jiu@f李洪修著
210    @a长春@c吉林大学出版社@d2013
215    @a265页@d23cm
330    @a本书是对基础教育改革的研究,内容包括基础教育改革概述、新课程改革、教学改革、教师教育改革、个性化学校改革、农村教育改革、校本课程与校本教研、学校德育改革等。
606 0  @a基础教育@AJi Chu Jiao Yu@x教育改革@x研究@y中国
690    @aG639.21@v5
701  0 @a李洪修@ALi Hong Xiu@f(1980~)@4著
801  0 @aCN@bTANGWEI@c20160805
905    @b0890890-4@dG639.21@e1200@f5
    
    基础教育改革研究/李洪修著 .-长春:吉林大学出版社,2013
    265页;23cm
    
    
    ISBN 978-7-5601-9505-6:CNY35.00
    本书是对基础教育改革的研究,内容包括基础教育改革概述、新课程改革、教学改革、教师教育改革、个性化学校改革、农村教育改革、校本课程与校本教研、学校德育改革等。
●
相关链接 在E读中查询图书 在五车中查询图书 在当当中查询图书 在豆瓣中查询图书


正题名:基础教育改革研究     索取号:G639.21/1200         预约/预借

序号 登录号 条形码 馆藏地/架位号 状态 备注
1 0890890   208908903   第一样本阅览室/ [索取号:G639.21/1200] 在馆    
2 0890891   208908912   第四借阅区/ [索取号:G639.21/1200] 在馆    
3 0890892   208908921   第四借阅区/ [索取号:G639.21/1200] 在馆    
4 0890893   208908930   第四借阅区/ [索取号:G639.21/1200] 在馆    
5 0890894   208908949   第四借阅区/ [索取号:G639.21/1200] 在馆    
唐山师范学院图书馆 欢迎您!
大连网信软件有限公司© 版权所有